000 00845nam a2200229Ii 4500
003 JO-AjNU
008 230605s9999||||xx |||||||||||||| ||und||
017 _a2001/10/2089
020 _a978-9957-24-000-0
040 _aJO-AjNU
_bara
_erda
_cJO-AjNU
041 _aara
050 1 4 _aQA43 2016
100 3 _aعبدي، حسام محمد,
_eauthor
_960072
245 0 0 _aالكامل في الرياضيات المستوى الاول: المتتاليات والمتسلسلات، الاقترانات الاسية واللوغاريتمية، البرمجة الخطية
250 _aط1
264 3 1 _aعمان: دار صفاء للنشر والتوزيع، 2016
300 _a178ص
336 _atext
_btxt
_2rdacontent
337 _aunmediated
_bn
_2rdamedia
338 _avolume
_bnc
_2rdacarrier
650 4 _aالرياضيات
_960073
999 _aA27067
_c30635
_d30635